Visualizzazione normale
Vista MARC
- Mascheroni Vittorio
di Personal Name
Records bibliografici associati: 1
001 - CONTROL NUMBER
- control field: 18935
003 - CONTROL NUMBER IDENTIFIER
- control field: IT-RoPau
005 - DATE AND TIME OF LATEST TRANSACTION
- control field: 20140406154807.0
008 - FIXED-LENGTH DATA ELEMENTS
- fixed length control field: 140406|| aca||aabn | a|a d
040 ## - CATALOGING SOURCE
- Original cataloging agency: IT-RoPau
- Transcribing agency: IT-RoPau
100 ## - HEADING--PERSONAL NAME
- Personal name: Mascheroni Vittorio
- Dates associated with a name: Codice autore musica SPICS: 13134
- Relator term: Autore musica
- Name of part/section of a work: Fiorellin del prato
670 ## - SOURCE DATA FOUND
- Source citation: Work cat.: (IT-RoPau)99691: AA.VV. 794, Motivi dell'allegria (I) vol. 4